| 000 | 00834nam a22002177a 4500 | ||
|---|---|---|---|
| 005 | 20100731150457.0 | ||
| 010 | _aENG-97495 | ||
| 020 |
_a8190363425 _c895.00 |
||
| 020 |
_a9788190363426 _c895.00 |
||
| 035 | _aEN-81028 | ||
| 037 | _bDBAD/PUB | ||
| 082 | _a720.954 | ||
| 100 |
_aPillai, Shanti Jayewardene _93543 |
||
| 245 |
_aImperial conversations : _bIndo-Britons and the architecture of South India / _cby Shanti Jayewardene-Pillai |
||
| 260 |
_aNew Delhi _bYoda Press _c2007 |
||
| 270 |
_aG-93, Connaught Circus _bNew Delhi _e110001 |
||
| 300 |
_axxi, 326p. : _bill _c24cm (Hb) |
||
| 500 | _aIncludes bibliographical references | ||
| 942 |
_2ddc _cEN _h720.954 _mPIL |
||
| 999 |
_c38453 _d38453 |
||